| 000 | 00864nam a2200241 a 4500 | ||
|---|---|---|---|
| 999 |
_c11943 _d11943 |
||
| 001 | 11943 | ||
| 003 | BD-JhCC | ||
| 005 | 20221124134023.0 | ||
| 008 | 201209b20172019bg |||| ||a| 00| 0 ben d | ||
| 020 | _a9789849360421 | ||
| 035 | _a(BD-JhCC)11943 | ||
| 040 |
_aBD-JhCC _dBD-JhCC |
||
| 041 | _aben | ||
| 082 |
_a650.1 _bHIL 2019 |
||
| 100 | _aহিল, নেপোলিয়েন | ||
| 245 |
_aসাকসেস থ্রো এ পজিটিভ মেন্টাল এটিটিউট / _cনেপোলিয়েন হিল, অনুঃ ফজলে রাব্বি । |
||
| 260 |
_aঢাকা: _bসাফল্য প্রকাশনী; _c২০১৯. |
||
| 300 |
_a237 p. : _c22 cm |
||
| 650 |
_aSuccess in business _xSuccess _zWealth |
||
| 700 | _aরাব্বি,ফজলে | ||
| 942 |
_2ddc _cBK _01 |
||